01012nam a2200301 i 4500003000900000005001700009007000300026008004100029020001500070040003000085082001300115100003600128240003100164245006800195264004200263300004400305336002700349337003400376338002800410490003300438500002700471590002700498700003600525910001400561942001400575952010400589999001700693DO-SdBNP20240712155059.0ta240712b1994 sp a 001 0 spa d a8447800148 aDO-SdBNPbspacBNPHUerda 4bD2492221 aDavis, Jimeautord1945-9860751 aGarfield says a mouthful /10aGarfield :by sus kilos /cJim Davis ; traducción Alfred Sala aBarcelona, España :bJunior,c1994. a[96] páginas :bilustracionesc13 cm. 2rdacontentatextobtxt 2rdamediaasin mediaciónbnc 2rdacarrieravolumenbnc1 aGrupo editorial grijalbov28 aLibro de caricaturas.  aInventariado, 2024/ YL1 aSalas, Alfredetraductor986076 aYlockward 2ddccLBS1 00102ddc56708GRaBNPHUbBNPHUcCTd2024-07-12l0oD249p2024-4415r2024-07-12w2024-07-12yLBS1 c57291d57291